00753nam a22002417a 45000010005000000030006000050050017000110080041000280200018000690400029000870500014001160820012001301000018001422450044001602600049002043000048002535050008003015200085003095210029003945210020004236500032004436500036004755511FISKH20241213151258.0241213b cb ||||| |||| 00| 0 eng d a9780696238109 aFISKHbengcFISKHdFISKH aSF778.E94 a636.089 aEvento, Susan aVet emergencies 24/7 /cby Susan Evento aDes Moines, lowa : bMeredith Books ;c2007. a48 pages : bcolor illustrations ;c31 cm . aS  a"Animal behavior tips--make your home pet safe--how to become a vet."--on cover.8 a790 bLexile estimate 8 aS bRaz-Plus  ainformationalvNon-fiction  acommunity helpersvNon-fiction